000 01215nam a2200289 i 4500
001 171198
003 ES-MaACL
005 20250808062753.0
008 090505s1960 sp |||| | spa d
017 _aM 12059-1960
_bOficina Depósito Legal Madrid
040 _cES-MaACL
100 0 _aVitoria, Francisco de
_9115517
_eaut
245 1 0 _aObras de Francisco de Vitoria.
_pRelecciones teológicas /
_cedición crítica del texto latino, versión española, introducción general e introducciones con el estudio de su doctrina teológico-jurídica por Teófilo Urdanoz.
260 _aMadrid :
_bLa Editorial Católica,
_c1960.
300 _aVIII, 1386 p., [1] p. de lám. ;
_c20 cm.
490 1 _aBiblioteca de autores cristianos ;
_v198
546 _aTexto en latín y traducción en español.
594 _aTraducción de : Relectiones Theologicae.
650 7 _aFilosofía
_2embne
_912802
700 1 _aUrdanoz, Teófilo
_9139750
_epbl
830 0 0 _aBiblioteca de autores cristianos
_v198
_9178679
852 _aES-MaACL
_jJ-194
_bR.46092
_cDEPO2
_9177833
_xEncuadernación cartoné
942 _cMONOGRAFIA
_n0
999 _c171198
_d171198